|
|
|
|
| LEADER |
00000nam a2200000 a 4500 |
| 001 |
vtls001305123 |
| 003 |
SK-MaSNL |
| 005 |
20260301155704.0 |
| 008 |
130606s1997 xo 0 cze |
| 015 |
|
|
|a SNBJ1997/04-01583
|
| 035 |
|
|
|a SNK000257343
|
| 040 |
|
|
|a SNK
|b slo
|c SNK
|e AACR2
|
| 044 |
|
|
|a xo
|c SK
|
| 080 |
|
|
|a 791.43(73)(086.8)
|2 1981
|
| 245 |
1 |
|
|a Amanda
|h videozáznam
|b nejhezčí pohled na svět je z koňského hřbetu
|c réžia Bobby Roth
|
| 260 |
|
|
|a Bratislava
|b Intersonic
|c 1997
|
| 300 |
|
|
|a 1 videokazeta (84 min.)
|b stereo, fareb., VHS systém PAL
|c 10x19 cm
|
| 511 |
|
|
|a Hrajú: Kieran Culkin (Bo), Dennis Haysbert, Alice Krige
|
| 521 |
|
|
|a Mládeži do 12 r. nevhodné
|
| 650 |
0 |
7 |
|a rodinné filmy
|2 SNK
|9 91124
|
| 655 |
|
7 |
|a videokazety
|2 SNK
|9 70726
|
| 700 |
1 |
|
|a Roth, Bobby
|4 aud
|9 46588
|
| 700 |
1 |
|
|a Culkin, Kieran
|4 uci
|9 41084
|
| 700 |
1 |
|
|a Haysbert, Dennis
|4 uci
|9 41139
|
| 700 |
1 |
|
|a Krige, Alice
|4 uci
|9 520235
|
| 999 |
|
|
|c 802255
|d 804185
|
| 952 |
|
|
|t P60, <03>, [BOOK], {603}
|a SNK
|b SNK
|y PREZ
|7 0
|p 17A0092385
|o snkSVC 874
|i snkJK 447/97
|0 0
|1 0
|4 0
|d 1997-10-03
|l 0
|r 2005-01-02 00:00:00
|w 2026-02-24
|